000
00281nam a2200133Ia 4500
100
_a
Maron/I.A
942
_c
BK
654
_a
Calculus
245
_a
Problems In Calculus Of One Variable
260
_b
Mir Publishers
_c
1973
082
_a
515
300
_a
453
546
_a
ENGLISH
999
_c
25765
_d
25765